|
|
|
|
| LEADER |
02010cam a2200613 i 4500 |
| 001 |
nkc20142627737 |
| 003 |
CZ PrNK |
| 005 |
20150826152216.0 |
| 007 |
ta |
| 008 |
140916t20142014xr e f 000 0 cze d |
| 015 |
|
|
|a cnb002627737
|
| 020 |
|
|
|a 978-80-87587-14-0
|q (brož.)
|
| 035 |
|
|
|a (OCoLC)920661556
|
| 040 |
|
|
|a KLG001
|b cze
|d BOA001
|e rda
|
| 041 |
1 |
|
|a cze
|h eng
|
| 072 |
|
7 |
|a 27-46/-48
|x Pastorální teologie
|2 Konspekt
|9 5
|
| 080 |
|
|
|a 27-475.2
|2 MRF
|
| 080 |
|
|
|a 27-475.5
|2 MRF
|
| 080 |
|
|
|a 808.5
|2 MRF
|
| 080 |
|
|
|a 274/279-184.3
|2 MRF
|
| 080 |
|
|
|a 27-277
|2 MRF
|
| 080 |
|
|
|a 27-277.2
|2 MRF
|
| 080 |
|
|
|a (035)
|2 MRF
|
| 100 |
1 |
|
|a Montoya, Alex D.,
|d 1946-
|7 xx0189506
|4 aut
|
| 240 |
1 |
0 |
|a Preaching with passion.
|l Česky
|
| 245 |
1 |
0 |
|a Kaž s vášní /
|c Alex Montoya ; překlad: Jana Kopová
|
| 264 |
|
1 |
|a Kroměříž :
|b Občanské sdružení Didasko,
|c [2014]
|
| 264 |
|
4 |
|c ©2014
|
| 300 |
|
|
|a 147 stran ;
|c 22 cm
|
| 336 |
|
|
|a text
|b txt
|2 rdacontent
|
| 337 |
|
|
|a bez média
|b n
|2 rdamedia
|
| 338 |
|
|
|a svazek
|b nc
|2 rdacarrier
|
| 500 |
|
|
|a Přeloženo z angličtiny
|
| 504 |
|
|
|a Obsahuje bibliografii
|
| 650 |
0 |
7 |
|a homiletika
|7 ph120791
|2 czenas
|
| 650 |
0 |
7 |
|a kázání
|7 ph122077
|2 czenas
|
| 650 |
0 |
7 |
|a rétorika
|7 ph125389
|2 czenas
|
| 650 |
0 |
7 |
|a biblická interpretace
|7 ph118847
|2 czenas
|
| 650 |
0 |
7 |
|a biblické citáty
|7 ph118853
|2 czenas
|
| 650 |
0 |
7 |
|a evangelická víra
|7 ph120040
|2 czenas
|
| 650 |
0 |
9 |
|a preaching
|2 eczenas
|
| 650 |
0 |
9 |
|a sermons
|2 eczenas
|
| 650 |
0 |
9 |
|a rhetoric
|2 eczenas
|
| 650 |
0 |
9 |
|a Biblical interpretation
|2 eczenas
|
| 650 |
0 |
9 |
|a Biblical quotations
|2 eczenas
|
| 650 |
0 |
9 |
|a Evangelical faith
|2 eczenas
|
| 655 |
|
7 |
|a příručky
|7 fd133209
|2 czenas
|
| 655 |
|
9 |
|a handbooks and manuals
|2 eczenas
|
| 700 |
1 |
|
|a Kopová, Jana
|7 jx20080707020
|4 trl
|
| 910 |
2 |
|
|a BOA001
|b 2-1349.856
|
| 990 |
|
|
|a BK
|
| 995 |
|
|
|a 01
|
| 991 |
|
|
|b 201508
|c NOV
|e n
|
| 996 |
6 |
|
|b 2610638981
|c 2-1349.856
|l MZK
|r Sklad / do 1 hodiny
|n 1
|p p.v.
|w 001514519
|u 000010
|a 1
|e BOA001
|j MZK50
|s P
|